Tell el-Daba XIII : Typologie und Chronologie der Mergel C-Ton Keramik. Materialen zum Binnenhandel des Mittleren Reiches und der Zweiten Zwischenheit /

Saved in:

Corporate Author: Österreichische Akademie der Wissenschaften.

Other Authors: Bader, Bettina.

Format: Book

Language: German

Published: Wien : Verlag der Osterreichischen Akademie der Wissenschaften, c2001.

Series: Untersuchungen der Zweigstelle Kairo des Osterreichischen Archaologischen Institutes ; 19.
Denkschriften der Gesamtakademie ; 22.

Subjects:

Tags: Add Tag

No Tags, Be the first to tag this record!

Call Number: DT57 .O69 v.19

LEADER 01590cam a2200349Ma 4500
001 on1017823482
003 OSt
005 20260421064810.0
008 010727s2001 au abf 000 0 ger d
020 |a 3700129726  |q (paperback) 
020 |a 9783700129721  |q (paperback) 
040 |c ARCE Library 
043 |a f-ua--- 
050 4 |a DT57 .O69 v.19 
245 1 0 |a Tell el-Daba XIII :  |b Typologie und Chronologie der Mergel C-Ton Keramik. Materialen zum Binnenhandel des Mittleren Reiches und der Zweiten Zwischenheit /  |c Bettina Bader. 
246 3 |a Typologie und Chronologie der Mergel C-Ton Keramik. Materialen zum Binnenhandel des Mittleren Reiches und der Zweiten Zwischenheit 
264 1 |a Wien :  |b Verlag der Osterreichischen Akademie der Wissenschaften,  |c c2001. 
300 |a 249 pages, plates (some color) :   |b illustrations, map ;   |c 31 cm. 
490 1 |a Untersuchungen der Zweigstelle Kairo des Osterreichischen Archaologischen Institutes ;  |v 19. 
490 1 |a Denkschriften der Gesamtakademie ;  |v 22. 
500 |a At head of title: Osterreichische Akademie der Wissenschaften. 
650 0 |a Pottery, Egyptian. 
650 0 |a Excavations (Archaeology)  |z Egypt  |z Dabah, Tall al- 
651 0 |a Dabah, Tall al- (Egypt)  |x Antiquities. 
651 0 |a Egypt   |x Antiquities. 
700 1 |a Bader, Bettina. 
710 2 |a Österreichische Akademie der Wissenschaften. 
830 0 |a Untersuchungen der Zweigstelle Kairo des Osterreichischen Archaologischen Institutes ;  |v 19. 
830 0 |a Denkschriften der Gesamtakademie ;  |v 22. 
901 |a reviewed 
942 |2 lcc  |c BK 
999 |c 55456  |d 55456